<?xml version="1.0" encoding="UTF-8"?>
<record
    xmlns:xsi="http://www.w3.org/2001/XMLSchema-instance"
    xsi:schemaLocation="http://www.loc.gov/MARC21/slim http://www.loc.gov/standards/marcxml/schema/MARC21slim.xsd"
    xmlns="http://www.loc.gov/MARC21/slim">

  <leader>01731nab a2200241uuc4500</leader>
  <controlfield tag="001">1324561</controlfield>
  <controlfield tag="005">20240202111639.0</controlfield>
  <controlfield tag="008">130419e20120501                    spa  </controlfield>
  <datafield tag="035" ind1=" " ind2=" ">
    <subfield code="a">1324561</subfield>
  </datafield>
  <datafield tag="040" ind1=" " ind2=" ">
    <subfield code="c">comduadb</subfield>
  </datafield>
  <datafield tag="041" ind1=" " ind2=" ">
    <subfield code="a">spa</subfield>
  </datafield>
  <datafield tag="100" ind1="1" ind2="0">
    <subfield code="a">Qui&#xF1;onez, Johana</subfield>
    <subfield code="4">aut</subfield>
    <subfield code="e">aut</subfield>
    <subfield code="9">650361</subfield>
  </datafield>
  <datafield tag="245" ind1="1" ind2="0">
    <subfield code="a">Selecci&#xF3;n heur&#xED;stica de mecanismos de compresi&#xF3;n aplicados a mensajes Soap para mejorar el acceso a servicios Web desde redes de baja capacidad</subfield>
  </datafield>
  <datafield tag="520" ind1="3" ind2=" ">
    <subfield code="a">Este art&#xED;culo es el resultado de una investigaci&#xF3;n cient&#xED;fica que busca  mejorar el acceso a servicios Web basados en SOAP desde redes de baja capacidad. Los servicios Web se caracterizan por utilizar SOAP como protocolo de transporte, y XML como lenguaje para representar la informaci&#xF3;n. XML usa un marcado basado en etiquetas y se almacena en texto plano, lo cual sobrecarga significativamente los datos y  obliga a emplear una infraestructura con buenas capacidades de red. Por tanto, se pretende resolver el problema a trav&#xE9;s de diferentes herramientas de compresi&#xF3;n aplicadas a los mensajes SOAP de respuesta y seleccionadas de acuerdo con las caracter&#xED;sticas del dispositivo consumidor y de su conexi&#xF3;n con el proveedor, a partir de la definici&#xF3;n heur&#xED;stica de modelos matem&#xE1;ticos.</subfield>
  </datafield>
  <datafield tag="650" ind1=" " ind2=" ">
    <subfield code="a">Servicios Web</subfield>
    <subfield code="9">195096</subfield>
  </datafield>
  <datafield tag="650" ind1=" " ind2=" ">
    <subfield code="a">XML (Lenguaje descriptor de hipertexto)</subfield>
    <subfield code="9">29538</subfield>
  </datafield>
  <datafield tag="650" ind1=" " ind2=" ">
    <subfield code="a">Heur&#xED;stica</subfield>
    <subfield code="9">23241</subfield>
  </datafield>
  <datafield tag="700" ind1="1" ind2="0">
    <subfield code="a">Garzon, Victor</subfield>
    <subfield code="4">aut</subfield>
    <subfield code="e">aut</subfield>
    <subfield code="9">650362</subfield>
  </datafield>
  <datafield tag="700" ind1="1" ind2="0">
    <subfield code="a">Mart&#xED;nez Pab&#xF3;n, Francisco Orlando</subfield>
    <subfield code="4">aut</subfield>
    <subfield code="e">aut</subfield>
    <subfield code="9">587476</subfield>
  </datafield>
  <datafield tag="700" ind1="1" ind2="0">
    <subfield code="a">Corrales Mu&#xF1;oz, Juan Carlos</subfield>
    <subfield code="4">aut</subfield>
    <subfield code="e">aut</subfield>
    <subfield code="9">618850</subfield>
  </datafield>
  <datafield tag="773" ind1="0" ind2=" ">
    <subfield code="t">El Hombre y la M&#xE1;quina (Cali)</subfield>
    <subfield code="g">Vol&#xFA;men 24, N&#xFA;mero 39, Mayo-Agosto 2012, p. 65-78</subfield>
    <subfield code="w">118402</subfield>
    <subfield code="x">0121-0777</subfield>
    <subfield code="0">67783</subfield>
  </datafield>
  <datafield tag="942" ind1=" " ind2=" ">
    <subfield code="c">ARIMP</subfield>
  </datafield>
  <datafield tag="999" ind1=" " ind2=" ">
    <subfield code="c">647254</subfield>
    <subfield code="d">647254</subfield>
  </datafield>
</record>
